[Event "67. Corus Chess Tournament"]
[Site "Wijk aan Zee NED"]
[Date "2005.01.17"]
[Round "3.6"]
[White "Sokolov, Ivan"]
[Black "Ponomariov, Ruslan"]
[Result "0-1"]
[WhiteElo "2685"]
[BlackElo "2700"]
[PlyCount "122"]
[EventDate "2005.01.15"]
[EventType "tourn"]
[EventRounds "13"]
[EventCountry "NED"]
[EventCategory "19"]
[Source "lmi"]
[SourceDate "2005.01.30"]

1. d4 Nf6 2. c4 e6 3. Nc3 Bb4 4. Qc2 O-O 5. a3 Bxc3+ 6. Qxc3 b6 7. Bg5 Bb7 8.
e3 d6 9. Ne2 Nbd7 10. Qc2 c5 11. Rd1 Qc7 12. Nc3 a6 13. d5 exd5 14. cxd5 b5 15.
Bd3 b4 16. axb4 cxb4 17. Ne2 Qxc2 18. Bxc2 Bxd5 19. O-O Rfc8 20. Nd4 a5 21. Bf5
Rc5 22. Bxd7 Nxd7 23. Be7 Ra6 24. Rfe1 Be4 25. f3 Bg6 26. e4 f6 27. Ne2 Rcc6
28. Nd4 Rcb6 29. Bd8 Rb7 30. Ne6 Bf7 31. Nc7 Raa7 32. Rxd6 Rxc7 33. Bxc7 Rxc7
34. Red1 Be8 35. Ra6 Rc5 36. Ra7 Kf8 37. Rd5 Rxd5 38. exd5 Nb6 39. d6 a4 40.
Rb7 Nc4 41. Rxb4 Nxd6 42. Kf2 Ke7 43. Ke3 Ke6 44. Kd4 Nf5+ 45. Kc5 h5 46. Rb6+
Kf7 47. Rb7+ Kg6 48. Rb4 h4 49. g4 Nh6 50. h3 f5 51. Kd4 fxg4 52. fxg4 Nf7 53.
Rb8 Bd7 54. Rb7 Be6 55. Rb6 Kf6 56. Ra6 Ng5 57. Rxa4 Nxh3 58. b4 Nf4 59. b5 h3
60. Ke3 h2 61. Rxf4+ Ke5 0-1

[Event "67. Corus Chess Tournament"]
[Site "Wijk aan Zee NED"]
[Date "2005.01.25"]
[Round "9.3"]
[White "Sokolov, Ivan"]
[Black "Morozevich, Alexander"]
[Result "0-1"]
[WhiteElo "2685"]
[BlackElo "2741"]
[PlyCount "66"]
[EventDate "2005.01.15"]
[EventType "tourn"]
[EventRounds "13"]
[EventCountry "NED"]
[EventCategory "19"]
[Source "lmi"]
[SourceDate "2005.01.30"]

1. d4 d5 2. c4 e5 3. dxe5 d4 4. Nf3 Nc6 5. Nbd2 Nge7 6. Nb3 Nf5 7. a3 Be7 8. g3
a5 9. Qd3 a4 10. Nbd2 h5 11. Bh3 g6 12. Ne4 h4 13. Bf4 hxg3 14. hxg3 Ng7 15.
Bg2 Rxh1+ 16. Bxh1 Bf5 17. Nfg5 Na5 18. Qf3 Ne6 19. Nh7 Bxe4 20. Qxe4 c6 21. e3
Nb3 22. Rd1 Qa5+ 23. Ke2 Nec5 24. Qg2 Qa6 25. Kf1 Qxc4+ 26. Kg1 Qc2 27. Qf3 d3
28. Bg5 Ne4 29. Bxe7 Nxf2 30. Qxf2 Qxd1+ 31. Kg2 Qc2 32. Bd6 O-O-O 33. Kg1 Rh8
0-1

[Event "67. Corus Chess Tournament B"]
[Site "Wijk aan Zee NED"]
[Date "2005.01.15"]
[Round "1.5"]
[White "Kosteniuk, Alexandra"]
[Black "Onischuk, Alexander"]
[Result "1-0"]
[WhiteElo "2490"]
[BlackElo "2652"]
[PlyCount "227"]
[EventDate "2005.01.15"]
[EventType "tourn"]
[EventRounds "13"]
[EventCountry "NED"]
[EventCategory "13"]
[Source "lmi"]
[SourceDate "2005.01.30"]

1. e4 e5 2. Nf3 Nc6 3. Bb5 Nf6 4. O-O Bc5 5. c3 O-O 6. d4 Bb6 7. Bg5 h6 8. Bh4
d6 9. Qd3 Bd7 10. Nbd2 a6 11. Bc4 exd4 12. cxd4 g5 13. e5 gxh4 14. Qg6+ Kh8 15.
Qxh6+ Nh7 16. Ne4 f5 17. Nfg5 Qe7 18. Nf6 Qg7 19. Qxh7+ Qxh7 20. Ngxh7 Rfd8 21.
Ng5 dxe5 22. Nf7+ Kg7 23. dxe5 Nxe5 24. Nh5+ Kg6 25. Nxe5+ Kxh5 26. Be2+ Kg5
27. Nf7+ Kf6 28. Nxd8 Rxd8 29. Rad1 Re8 30. Bf3 Bc8 31. Rfe1 Rg8 32. Bd5 Rh8
33. Bb3 Bc5 34. Rd3 Bd6 35. Bd5 b6 36. g3 Bd7 37. Rf3 Rh5 38. Re4 hxg3 39. hxg3
f4 40. Rfxf4+ Bxf4 41. Rxf4+ Ke7 42. Rd4 c5 43. Rd2 b5 44. f4 c4 45. Kf2 a5 46.
Ke3 Rh3 47. Rg2 Rh1 48. a4 b4 49. Bxc4 Bxa4 50. g4 Bc6 51. Rg3 Re1+ 52. Kd2 Rb1
53. b3 a4 54. Re3+ Kf8 55. bxa4 Bxa4 56. Bd3 Rb2+ 57. Kc1 Rg2 58. g5 Be8 59.
Re6 b3 60. Rb6 Rg4 61. Rf6+ Kg7 62. Bc4 Ba4 63. Bd5 Rg3 64. Kb2 Re3 65. Rb6
Re2+ 66. Ka3 Ra2+ 67. Kb4 Rf2 68. Rb7+ Kg6 69. Be4+ Kh5 70. Rf7 Be8 71. Rf8 b2
72. Kc3 Bg6 73. Rh8+ Kg4 74. Bxg6 Rxf4 75. Kxb2 Kxg5 76. Bd3 Kf6 77. Re8 Kf7
78. Re3 Kf6 79. Kc3 Rh4 80. Bc4 Kf5 81. Kb4 Kf4 82. Re7 Rh5 83. Kc3 Re5 84.
Rf7+ Rf5 85. Re7 Re5 86. Rh7 Re3+ 87. Bd3 Re8 88. Rh4+ Ke3 89. Rh1 Rc8+ 90. Bc4
Rd8 91. Be6 Rd3+ 92. Kc4 Rd4+ 93. Kc5 Ra4 94. Rh3+ Kf2 95. Bc4 Ra8 96. Kd4 Ra4
97. Rc3 Ra7 98. Ke4 Rh7 99. Rf3+ Kg2 100. Bd5 Rh4+ 101. Ke5 Kg1 102. Be4 Rh2
103. Rf4 Rd2 104. Kf5 Rf2 105. Bf3 Rb2 106. Rh4 Rb8 107. Kf4 Kf2 108. Rh2+ Ke1
109. Be4 Rb3 110. Bf3 Rb4+ 111. Kg3 Rd4 112. Re2+ Kf1 113. Re3 Rd2 114. Ra3 1-0

[Event "67. Corus Chess Tournament C"]
[Site "Wijk aan Zee NED"]
[Date "2005.01.30"]
[Round "13.6"]
[White "Mamedjarova, Zeinab"]
[Black "Wempe, Joost"]
[Result "0-1"]
[WhiteElo "2349"]
[BlackElo "2265"]
[PlyCount "137"]
[EventDate "2005.01.15"]
[EventType "tourn"]
[EventRounds "13"]
[EventCountry "NED"]
[EventCategory "19"]
[Source "lmi"]
[SourceDate "2005.01.30"]

1. d4 d5 2. c4 e6 3. Nf3 Nf6 4. e3 c6 5. Nc3 Nbd7 6. Bd3 dxc4 7. Bxc4 b5 8. Bd3
a6 9. O-O c5 10. e4 Bb7 11. e5 cxd4 12. Nxb5 Bxf3 13. Qxf3 Nd5 14. Nxd4 Nxe5
15. Qg3 Nxd3 16. Qxd3 Bd6 17. b3 O-O 18. Bb2 Qg5 19. g3 Rfd8 20. Rfd1 a5 21.
Qe2 Bf8 22. Rac1 a4 23. bxa4 Rxa4 24. Nxe6 fxe6 25. Qxe6+ Kh8 26. Rc8 Ra5 27.
Bf6 Qxf6 28. Qxf6 Rxc8 29. Qf5 Rd8 30. Qf7 h6 31. Rd2 Bb4 32. Rd3 Bc5 33. Kf1
Ra7 34. Qe6 Rad7 35. Rf3 Rd6 36. Qe4 Nf6 37. Qc4 Bd4 38. Rf4 Be5 39. Rf5 Bd4
40. Rf4 Ba7 41. a4 Rd4 42. Rxd4 Bxd4 43. a5 Rd7 44. h4 h5 45. f3 Ba7 46. a6 Kh7
47. g4 hxg4 48. fxg4 Re7 49. h5 Ne4 50. Qd3 g6 51. hxg6+ Kxg6 52. Kg2 Kg5 53.
Qd8 Kf6 54. Qf8+ Ke6 55. Qf5+ Kd6 56. g5 Nc5 57. g6 Ne6 58. Kh3 Rg7 59. Qd3+
Ke7 60. Kg4 Bd4 61. Qe4 Ba7 62. Kf5 Rxg6 63. Kxg6 Kd6 64. Qb7 Bc5 65. Qb8+ Kc6
66. a7 Kd5 67. Kf7 Nd4 68. Qc7 Nc6 69. Qd6+ 0-1